LEADER 01279nam a2200301 a 4500 001 000000131421 003 CaOOAMICUS 005 20121120110937.0 008 121120s2013 ne u000 u eng r 020 $a978-94-007-5042-5 040 $aPUL$bita 100 1 $aCairns, Dorion.$0(OLS)http://pul/name/41063 245 14$aThe philosophy of Edmund Husserl /$cDorion Cairns ; edited by Lester Embree. 260 $aDordrecht :$bSpringer Science+Business Media ,$c2013. 300 $axviii, 308 p. ;$c24 cm 490 1 $aPhaenomenologica ;$v207 500 $aInclude indice. 504 $aBibliografia in nota. 600 14$aHusserl, Edmund,$d1859-1938$xFilosofia.$0(OLS)http://pul/subject/1789 700 1 $aEmbree, Lester.$0(OLS)http://pul/name/40004 830 0$aPhaenomenologica ;$v207.$0(OLS)http://pul/title/17674 850 $aPUL 852 $aPUL$W1$xSL Filosofia 2$y80$mPhil A5 207$j151708$qStampati Altre Collocazioni$B150621$CPULBib$Z2$F150621 $H121210 $82 941 1 $a10 996 $6020$a978-94-007-5042-5$9(OLS)http://pul/number/151085 996 $6245$aThe philosophy of Edmund Husserl$9(OLS)http://pul/title/166016 996 $6260$aDordrecht :$bSpringer Science+Business Media $9(OLS)http://pul/publisher/82165 LEADER 01701namaa2200397 i 4500 001 000000177911 003 CaOOAMICUS 005 20250715131244.0 007 tu 008 250715s2024 it 000 u ita r 020 $a978-88-311-8281-2* 040 $aPUL$bita$erda 082 0 $a252.02 100 0 $aSozomenus, Salaminius Hermias,$dattivo secoli 4.-5.,$eautore.$0(OLS)http://pul/name/9548 245 10$aStoria ecclesiastica /$cSozomeno di Gaza ; introduzione, versione italiana e note di Salvatore Borzì. 264 4$c©2024. 264 1$aRoma :$bCittà Nuova,$c[2024] 300 $a732 pagine ;$c20 cm 336 $atesto$btxt$2rdacontent 337 $asenza mediazione$bn$2rdamedia 338 $avolume$bnc$2rdacarrier 490 1 $aCollana di testi patristici ;$v280 504 $aBibliografia in nota. 600 04$aSozomenus Salaminius Hermias,$dm. 439$tHistoria ecclesiastica.$0(OLS)http://pul/subject/44805 700 1 $aBorzì, Salvatore,$d1972-,$ecuratore,$etraduttore.$0(OLS)http://pul/name/64681 830 0$aCollana di testi patristici ;$v280.$0(OLS)http://pul/title/17027 850 $aPUL 852 $aPUL$W1$xSL Cons. Gen., Altre Classi 1$y1$m2000 E 280$j201847$qStampati$B206894$CPULBib$Z2$F206894 $H137946 $82 900 $aSozomeno,$dm. 439$99548 941 1 $a8 996 $6020$a978-88-311-8281-2*$9(OLS)http://pul/number/170489 996 $6082$a252.02$9(OLS)http://pul/classification/3281 996 $6245$aStoria ecclesiastica$9(OLS)http://pul/title/20259 996 $6264$aRoma :$bCittà Nuova$9(OLS)http://pul/publisher/47927 996 $6264$a[S.l.] :$b[s.n.]$9(OLS)http://pul/publisher/0